Statistics for Storks Characters Quiz

Click here to take the quiz!

General Stats

  • This quiz has been taken 113 times
  • The average score is 7 of 10

Answer Stats

Actor/ActressDescriptionCharacter% Correct
Andy SambergAn injured white stork working at Cornerstore as the company's top delivery stork, in hope of being promoted to becoming bossJunior
95%
Katie CrownAn 18-year-old orphan human worker at Cornerstore, who wishes to find her own familyTulip
95%
Kelsey GrammerA golf-obsessed but mean-spirited white stork and the executive CEO of Cornerstore, who hates delivering babies, so, years ago, he closed the baby production due to upgrading the company as a postal serviceHunter
81%
Anton StarkmanA 10-year-old boy whose parents are busy and is surrounded by brotherhoods leaving him lonelyNate Gardner
73%
Stephen Kramer GlickmanAn awkward, nosy pigeon working at Cornerstone who is eager to get any kind of attention, and who goes after Junior and Tulip to confirm the delivery of the baby to HunterPigeon Toady
72%
Danny TrejoA giant stork working at Cornerstore, who, before the baby process was shut down, wanted to keep Tulip because she was the last one madeJasper
67%
Keegan-Michael KeyOne of the leaders of the Wolf Pack, a tribe consisting of 100 wolvesAlpha
59%
Ty BurrellNate's workaholic father who supports the idea of a brother for family reasonsHenry Gardner
57%
Jennifer AnistonNate's workaholic overprotective mother who opposes the idea of a brother for work reasons, but changes her mind after Henry convinces herSarah Gardner
52%
Jordan PeeleOne of the leaders of the Wolf Pack, a tribe consisting of 100 wolvesBeta
51%

Score Distribution

Percentile by Number Answered

Percent of People with Each Score

Your Score History

You have not taken this quiz